Bridgerton family - Statistics

General Stats
  • This quiz has been taken 616 times
  • The average score is 9 of 9
Answer Stats
Surname Name % Correct
Bridgerton Anthony
99%
Bridgerton Daphne
99%
Bridgerton Benedict
98%
Bridgerton Colin
98%
Bridgerton Eloise
97%
Bridgerton Gregory
92%
Bridgerton Hyacinth
91%
Bridgerton Violet
91%
Bridgerton Francesca
88%
No matching quizzes found
Score Distribution
Percent of People with Each Score
Percentile by Number Answered
Your Score History
You have not taken this quiz